| 000 | 00774nam a22002411 4500 | ||
|---|---|---|---|
| 001 | sa 68004068 | ||
| 003 | DLC | ||
| 005 | 20260227112458.0 | ||
| 008 | 711108s1966 ii s 00000 eng | ||
| 010 | _asa 68004068 | ||
| 025 | _aPL480:I-E-9579 | ||
| 043 | _aa-ii--- | ||
| 050 | 0 |
_aHD2071 _b.A589 |
|
| 082 | _a338.1/0954 | ||
| 110 | 1 | 0 |
_aIndia (Republic). _bWorking Group for the Formulation of the Fourth Five Year Plan Proposals on Agricultural Statistics. |
| 245 | 0 | 0 | _aReport. |
| 260 | 0 |
_a[New Delhi] _bMinistry of Food and Agriculture, Dept. of Agriculture, Govt. of India _c[1966] |
|
| 300 |
_aiv, 163 p. _c24 cm. |
||
| 350 |
_aRs3.70 _a$1.34 |
||
| 500 | _aCover title. | ||
| 650 | 0 |
_aAgriculture _zIndia _xStatistics. |
|
| 651 | 0 |
_aIndia _xStatistical services. |
|
| 999 |
_c79945 _d79945 |
||